Tư tưởng nhân văn Hồ Chí Minh và vận dụng vào giáo dục đạo đức học sinh THPT nhằm khắc phục bạo lực học đường

Nguồn gốc hình thành và nội dung cơ bản tư tưởng nhân văn Hồ Chí Minh. Vận dụng tư tưởng nhân văn Hồ Chí Minh vào giáo dục đạo đức học sinh nhằm khắc phục bạo lực học đường ở trường THPT

Spremljeno u:
Bibliografski detalji
Glavni autor: Đào, Thị Kim Linh
Daljnji autori: Trần, Ngọc Ánh TS (Hướng dẫn)
Format: Knjiga
Jezik:Vietnamese
Izdano: Đại học Đà Nẵng Trường đại học Sư Phạm 2011
Serija:Luận văn tốt nghiệp đại học. Chuyên ngành : Giáo dục chính trị
Teme:
Oznake: Dodaj oznaku
Bez oznaka, Budi prvi tko označuje ovaj zapis!
Thư viện lưu trữ: Mạng thư viện Đại học Đà Nẵng
LEADER 01664nam a2200349 4500
001 000011768
003 8039
005 20120209160201.0
008 120209s2011 viesd
041 |a vie 
072 |a Khóa luận tốt nghiệp 
082 |a 335.4346071  |b ĐA-L 
100 |a Đào, Thị Kim Linh 
245 |a Tư tưởng nhân văn Hồ Chí Minh và vận dụng vào giáo dục đạo đức học sinh THPT nhằm khắc phục bạo lực học đường  |c Đào, Thị Kim Linh 
260 |a Đại học Đà Nẵng  |b Trường đại học Sư Phạm  |c 2011 
300 |a 78 tr.  |c 29 cm 
490 |a Luận văn tốt nghiệp đại học. Chuyên ngành : Giáo dục chính trị 
500 |a Tham khảo tr. 75 - 78 
520 |a Nguồn gốc hình thành và nội dung cơ bản tư tưởng nhân văn Hồ Chí Minh. Vận dụng tư tưởng nhân văn Hồ Chí Minh vào giáo dục đạo đức học sinh nhằm khắc phục bạo lực học đường ở trường THPT 
653 |a Luận văn tốt nghiệp đại học 
653 |a Khoa Giáo dục chính trị 
700 |a Trần, Ngọc Ánh  |c TS  |e Hướng dẫn 
OWN |a LSP 
AVA |a UDN50  |b LSP  |d 335.4346071 ĐA-L  |e available  |t Error 5001 Not defined in file expand_doc_bib_avail.  |f 1  |g 0  |h N  |i 0  |k 1 
999 |a From the UDN01 
AVA |a UDN50  |b LSP  |d 335.4346071 ĐA-L  |e available  |t Error 5001 Not defined in file expand_doc_bib_avail.  |f 1  |g 0  |h N  |i 0  |k 1 
TYP |a Monograph 
TYP |a Printed language 
980 |a Mạng thư viện Đại học Đà Nẵng